| 000 | 00000nam 2200000zi 4500 |
| 001 | 9.947459 |
| 003 | CaOODSP |
| 005 | 20250128134115 |
| 006 | m o d f |
| 007 | cr mn||||||||| |
| 008 | 250128t19911992oncd ob f000 0 eng d |
| 020 | |z0662198840 |
| 040 | |aCaOODSP|beng|erda|cCaOODSP |
| 043 | |an-cn--- |
| 086 | 1 |aZ1-1989/1-41-11E-PDF|zZ1-1989/1-41-11E |
| 100 | 1 |aBrenckmann, M, |eauthor. |
| 245 | 10|aTechnological innovation in transportation R&D funding policy and approach / |cM. Brenckmann. |
| 264 | 1|a[Ottawa] : |b[Royal Commission on National Passenger Transportation], |cOctober 1991. |
| 264 | 4|c©1992 |
| 300 | |a1 online resource (20 pages) : |bgraph |
| 336 | |atext|btxt|2rdacontent |
| 337 | |acomputer|bc|2rdamedia |
| 338 | |aonline resource|bcr|2rdacarrier |
| 500 | |aIssued also in French under title: L'innovation technique dans le domaine des transports : la politique et les méthodes de financement de la R-D. |
| 500 | |a"Report Prepared for the Research Division, Royal Commission on National Passenger Transportation." |
| 500 | |a"RR-11." |
| 500 | |aDigitized edition from print [produced by Government of Canada Publications Directorate]. |
| 504 | |aIncludes bibliographical references (pages 14-15). |
| 650 | 0|aTransportation|xPassenger traffic|xGovernment policy|zCanada. |
| 650 | 0|aTransportation|xTechnological innovations|zCanada|xFinance. |
| 650 | 0|aTransportation|xResearch|zCanada|xFinance. |
| 710 | 1 |aCanada. |bRoyal Commission on National Passenger Transportation. |bResearch Division, |eissuing body. |
| 775 | 08|tL'innovation technique dans le domaine des transports : |w(CaOODSP)9.947462 |
| 856 | 40|qPDF|s2.13 MB|uhttps://publications.gc.ca/collections/collection_2025/bcp-pco/Z1-1989-1-41-11-eng.pdf |